Parábolas para una nueva sociedad: educar en la justicia y en la solidaridad
保存先:
| 第一著者: | |
|---|---|
| フォーマット: | 図書 |
| 言語: | スペイン語 |
| 出版事項: |
Madrid
PPC
1999
|
| シリーズ: | Educar Práctico
|
| 主題: | |
| タグ: |
タグ追加
タグなし, このレコードへの初めてのタグを付けませんか!
|
MARC
| LEADER | 00000cam a2200000 a 4500 | ||
|---|---|---|---|
| 001 | UCK5464 | ||
| 003 | CL-VaPUC | ||
| 008 | 050805e19990000SP |||||||||||||||||spa|d | ||
| 020 | |a 8428815968 | ||
| 082 | 0 | 4 | |a 226.8 |b OTE |2 21 |
| 100 | |a Otero Martínez, Herminio |e autor |9 570715 | ||
| 245 | 1 | 0 | |a Parábolas para una nueva sociedad: educar en la justicia y en la solidaridad |
| 300 | |a 253 p | ||
| 942 | |c BK | ||
| 945 | |d 20050805 00:00:00 |a cmena | ||
| 260 | |a Madrid |b PPC |c 1999 | ||
| 650 | 0 | |a Parábolas |9 313604 | |
| 650 | 0 | |a Educación religiosa |9 308312 | |
| 650 | 0 | |a Justicia |9 255408 | |
| 650 | 0 | |a Solidaridad |9 259208 | |
| 583 | |a last modification |c 20131018 06:22:09 |k Rodrigo Vera | ||
| 490 | 0 | |a Educar Práctico | |
| 999 | |c 313976 |d 313974 | ||
| 952 | |0 0 |1 0 |4 0 |6 226_800000000000000_OTE_1999 |7 0 |8 A |9 385826 |a BIBTEO |b BIBTEO |d 2019-11-22 |i 4151321 |o 226.8 OTE 1999 |p 4151321 |r 2025-01-17 |w 2019-11-22 |y BK |k ICR | ||
| 952 | |0 0 |1 0 |4 0 |6 226_800000000000000_OTE_1999 |7 0 |8 A |9 385827 |a BIBEDU |b BIBEDU |d 2019-11-22 |i 4206592 |o 226.8 OTE 1999 |p 4206592 |r 2019-11-22 |w 2019-11-22 |y BK |k EBA | ||
| 952 | |0 0 |1 0 |3 erb |4 0 |6 226_800000000000000_OTE_1999 |7 0 |8 A |9 385828 |a BIBTEO |b BIBTEO |d 2019-11-22 |i 5023351 |o 226.8 OTE 1999 |p 5023351 |r 2025-01-17 |w 2019-11-22 |y BK |z Catalogado en:20131025 |k ICR | ||